| 000 | 00599nam a22001457a 4500 | ||
|---|---|---|---|
| 020 | _a978-0-7515-6535-5 | ||
| 082 |
_a823 _bROW/H |
||
| 100 | _aROWLING, J K | ||
| 245 |
_aHARRY POTTER _bAND THE CURSED CHILD |
||
| 260 |
_aGREAT BRITAIN _bLITTLE BROWN _c2016 |
||
| 300 | _a343 | ||
| 520 | _a“Harry Potter and the Cursed Child” is about the journey Albus takes while growing up, and the roles he and his best friend, Scorpius (Draco Malfoy's son), play when dark forces, perhaps in league with Voldemort, once again threaten the fate of the planet. | ||
| 650 |
_aNOVEL _zUNITED KINGDOM |
||
| 942 | _cBK | ||
| 999 |
_c3796 _d3796 |
||